LEADER 01090nam0-2200325---450- 001 990009471850403321 005 20111103110829.0 035 $a000947185 035 $aFED01000947185 035 $a(Aleph)000947185FED01 035 $a000947185 100 $a20111103d1963----km-y0itay50------ba 101 0 $aita 102 $aIT 105 $ay-------001yy 200 1 $aTutela igienica degli alimenti$ealterazioni, sofisticazioni, denunce, sequestri, revisione analisi, penalità, oblazioni, autorità sanitarie, autorizzazioni, licenze, pesi, misure, prezzi$e500 note di giurisprudenza$fLionello Rizzatti 205 $a5. ed aggiornata al maggio 1963 210 $aMilano$cL. di G. Pirola$d1963 215 $a664 p.$d24 cm 225 1 $aCollezione legale Pirola$v1223 610 0 $aAlimenti$aIgiene 676 $a614.3$v18$zita 700 1$aRizzatti,$bLionello$015969 801 0$aIT$bUNINA$gRICA$2UNIMARC 901 $aBK 912 $a990009471850403321 952 $a52 E 31$b6852$fDMVAP 959 $aDMVAP 996 $aTutela igienica degli alimenti$9852505 997 $aUNINA LEADER 01344nam 2200361Ia 450 001 996386354603316 005 20200824132202.0 035 $a(CKB)4940000000081530 035 $a(EEBO)2240867275 035 $a(OCoLC)ocm14444185e 035 $a(OCoLC)14444185 035 $a(EXLCZ)994940000000081530 100 $a19861021d1652 uy | 101 0 $aeng 135 $aurbn||||a|bb| 200 14$aThe fort-royal of Holy Scriptures, or, A new concordance of the chief heads of scripture common placed$b[electronic resource] $efor such as would suddenly command all the rarities in the Book of God /$fby J.H 205 $aThe second edition revised and enlarged. 210 $aLondon $cPrinted for William Leake ...$d1652 215 $a[8], 415 p 300 $aAttributed by Wing to Hart. 300 $aImperfect: pages stained and tightly bound with some loss of print. 300 $aReproduction of original in the University of Illinois (Urbana-Champaign Campus). Library. 330 $aeebo-0167 700 $aHart$b John$cD.D.$0195672 801 0$bEAG 801 1$bEAG 801 2$bm/c 801 2$bUMI 801 2$bWaOLN 906 $aBOOK 912 $a996386354603316 996 $aThe fort-royal of Holy Scriptures, or, A new concordance of the chief heads of Scripture common-placed$92299045 997 $aUNISA